Audiencia Nacional

Detalles Bibliográficos
Formato: eBook
Lenguaje:español
Publicado: Barcelona : vLex
Materias:
Acceso en línea:Acceso restringido

MARC

LEADER 00000nam a22000007a 4500
005 20120126140622.0
007 cr|||| |||
008 120126c19829999sp d||d s|||| 0|||b spa d
035 |a 123 
040 |a vLex 
090 |c 2956  |d 2956 
245 0 0 |a Audiencia Nacional  |h [Recurso electrn̤ico]  
256 |a Servicio en ln̕ea 
260 |a Barcelona :  |b vLex 
300 |a 1 recurso electrn̤ico 
506 1 |a Contenido solo disponible en los productos indicados  |d vLex Global   |d vLex Global (Academic Edition, excluding Law Schools)   |d vLex Global (U.S. Academic Edition, Law Schools)   |d vLex Global (U.S. Academic Edition, excluding Law Schools)   |d vLex Global (Academic Edition, Law Schools)  
610 1 4 |a Espaą  |b Audiencia Nacional 
610 1 4 |a Espaą  |b Audiencia Nacional  |x Jurisprudencia 
650 0 4 |a Sentencias 
740 0 |a vLex Jurisprudencia (Servicios en ln̕ea) 
856 4 0 |u http://vlex.com/source/audiencia-nacional-123/  |z Acceso restringido 
942 |c TR 
999 0 |a Jurisprudence  |b Spain